Tiny Almost Useless Trivia VIII Quiz Stats

 Plays Quiz Updated Dec 22, 2015

Challenge
Share
Tweet
Embed
Score 0/15 Timer 03:00
3 Plays Today
Question Answer % Correct
What four-letter word is now added to the end of many names of political scandals after a famous DC area Hotel?(Water)gate
87.6%
What word meaning 'cargo' is an anagram of the word 'FIGHTER'?freight
71.2%
What type of geographic feature has names such as Magellan, Hormuz or Juan de Fuca?strait
66.1%
What English word is the equivalent of estado in Spanish and ├ętat in French?state
61.5%
What biopic movie about the rap group NWA shares its name with its first studio album?Straight Outta Compton
60.7%
In the Peanuts comics, who does Linus say comes to visit on Halloween?The Great Pumpkin
50.1%
What is an inherited characteristic (e.g., blue eyes), like one carried by a gene and seen in an organism's phenotype?trait
48.4%
What olympic equipment has a blade with a radius of curvature of 180-220 cm and a toe pick?figure skate
46.7%
Question Answer % Correct
What online political and news magazine shares its name with a stony roofing material?Slate
46.6%
What Australian actress won Oscars for her roles in 'The Aviator' and 'Blue Jasmine'?Cate Blanchett
37%
What TV show featured a large family with Dick Van Patten playing a recently widowed father?Eight is Enough
32.8%
What red-headed bluesy songstress with a famed white stripe of hair sang 'Something to Talk About'?Bonnie Raitt
28.5%
In Greek mythology, what is either Clotho, Lachesis, or Atropos called?Fate
24.1%
In the novel 'Nineteen Eighty-Four', every day there was a 2-minute long propaganda period called what?Two Minutes Hate
14.3%
What Milton Bradley board game involved opening doors to find boys to go to a dance or the beach with while avoiding 'duds'?Mystery Date
13.7%

You're not logged in!

Compare scores with friends on all Sporcle quizzes.
OR
Log In

You Might Also Like...

Show Comments

Extras

Top Quizzes Today


Score Distribution

Your Account Isn't Verified!

In order to create a playlist on Sporcle, you need to verify the email address you used during registration. Go to your Sporcle Settings to finish the process.

Report this User

Report this user for behavior that violates our Community Guidelines.

Details: